Set odes : a Montserrat, a Barcelona ... / Joaquim Cases-Carbó a Montserrat, a Barcelona ... / Joaquim Cases-Carbó
Descripción Física:
72 p. ; 19 cm
MARC
| LEADER | 00000nam a2200000Ia 4500 | ||
|---|---|---|---|
| 001 | 13915 | ||
| 008 | 160829s1935 xx 000 0 cat d | ||
| 080 | |a L-1-390 | ||
| 100 | 1 | |a Cases-Carbó, Joaquim, |d 1858-1943 |9 24314 | |
| 245 | |a Set odes : |b a Montserrat, a Barcelona ... / Joaquim Cases-Carbó | ||
| 260 | |a Barcelona : |b Llibr. Catalònia, |c 1935 | ||
| 300 | |a 72 p. ; |c 19 cm | ||
| 901 | |a Arxiu | ||
| 942 | |n 1 | ||
| 952 | |0 0 |1 0 |4 0 |6 L1390 |7 1 |9 43078 |a Arxiu |b Arxiu |d 2016-12-01 |l 0 |o L-1-390 |p 13915 |r 2016-12-01 00:00:00 |w 2016-12-01 |y ARXIU | ||
| 999 | |c 45622 |d 45622 | ||